| 000 | 01000cam a22002774a 4500 | ||
|---|---|---|---|
| 001 | 2840 | ||
| 005 | 20250421102920.0 | ||
| 020 | _a9780545451772 | ||
| 040 |
_aDLC _cDLC _dDLC _beng |
||
| 050 | 0 | 0 | _aQE861.Z63 |
| 082 | 0 | 0 | _a567.9 |
| 100 | 1 | _aZoehfeld, Kathleen Weidner | |
| 245 | 1 | 0 |
_aDinosaurs / _cby Kathleen W. Zoehfeld. |
| 250 | _aFirst Scholastic printing February 2012 | ||
| 260 |
_aNew York : _bScholastic ; _c2011 |
||
| 300 |
_a32 pages : _bcolor illustrations ; _c24 cm. |
||
| 490 |
_aNational Geographic kids _vBook 1 |
||
| 500 | _aIncludes index. | ||
| 505 | 0 | _aE | |
| 520 | _a"There's nothing more fascinating than dinosaurs. In this Level 1 reader, youngsters learn all about the terrifying giants that once roamed the Earth--maybe even as close as their own backyard!"--Amazon.com. | ||
| 521 |
_a270
_bLexile |
||
| 521 |
_aE
_bRaz-Plus |
||
| 650 | 0 |
_aDinosaurs _vJuvenile literature. |
|
| 906 |
_a7 _bcbc _corignew _d1 _eecip _f20 _gy-gencatlg |
||
| 942 |
_2ddc _cBK _n0 |
||
| 999 |
_c2840 _d2840 |
||